Гражданский процессуальный кодекс Российской Федерации (Запись № 13664938)

Подробности
000 -МАРКЕР
контрольное поле 02600nam0a2200385 4500
001 - ИДЕНТИФИКАТОР ЗАПИСИ
контрольное поле RU\NLR\BIBL_A\022318077
005 - ИДЕНТИФИКАТОР ВЕРСИИ
контрольное поле 20260420014428.0
010 ## - МЕЖДУНАРОДНЫЙ СТАНДАРТНЫЙ НОМЕР КНИГИ (ISBN)
Номер (ISBN) 978-5-9748-0705-3
Тираж 1200
021 ## - НОМЕР ГОСУДАРСТВЕННОЙ РЕГИСТРАЦИИ
Код страны Российская Федерация
Номер КН-П-24-043701
Номер Листа государственной регистраци КН-П-24-4355
035 ## - ДРУГИЕ СИСТЕМНЫЕ НОМЕРА
Идентификатор записи (NLR Aleph) 022318077
100 ## - ДАННЫЕ ОБЩЕЙ ОБРАБОТКИ
Данные общей обработки 20240911d2024 u y0rusy50 ca
101 0# - ЯЗЫК РЕСУРСА
Язык текста, звукозаписи и т.д. русский
102 ## - СТРАНА ПУБЛИКАЦИИ ИЛИ ПРОИЗВОДСТВА
Страна публикации Российская Федерация
105 ## - ПОЛЕ КОДИРОВАННЫХ ДАННЫХ: ТЕКСТОВЫЕ МАТЕРИАЛЫ, МОНОГРАФИЧЕСКИЕ
Кодированные данные о монографическом текстовом документе y|||nj||000yy
181 #0 - ПОЛЕ КОДИРОВАННЫХ ДАННЫХ: ВИД СОДЕРЖАНИЯ
Код вида содержания (ISBD) i
Код характеристики содержания (ISBD) axxe
182 #0 - ПОЛЕ КОДИРОВАННЫХ ДАННЫХ: ТИП СРЕДСТВА
Код типа средства (ISBD) n - непосредственное
200 1# - ЗАГЛАВИЕ И СВЕДЕНИЯ ОБ ОТВЕТСТВЕННОСТИ
Основное заглавие Гражданский процессуальный кодекс Российской Федерации
Сведения, относящиеся к заглавию комментарий к последним изменениям
-- учебное пособие для факультетов повышения квалификации и учебных заведений
-- [практические рекомендации]
Первые сведения об ответственности Ассоциация бухгалтеров, аудиторов и консультантов
Последующие сведения об ответственности [подготовлены и] под редакцией Г. Ю. Касьяновой
203 ## - ВИД СОДЕРЖАНИЯ И ТИП СРЕДСТВА
Вид содержания Текст
Дополнительные сведения об издании визуальный
Тип средства непосредственный
205 ## - СВЕДЕНИЯ ОБ ИЗДАНИИ
Сведения об издании Изд. 15-е, перераб. и доп.
Дополнительные сведения об издании [ориг. изд.]
-- самое полн. изд.
-- печатается по офиц. публ.
210 ## - ПУБЛИКАЦИЯ, РАСПРОСТРАНЕНИЕ И ДР.
Место издания, распространения и т.д. Москва
Имя издателя, распространителя и т. д. АБАК
Дата издания, распространения и т.д. 2024
215 ## - ФИЗИЧЕСКАЯ ХАРАКТЕРИСТИКА
Специфическое обозначение материала и объем 252, [20] с.
Размеры 20
225 1# - СЕРИЯ
Основное заглавие серии Практические рекомендации для бухгалтера и руководителя
Сведения об ответственности под общ. ред. Г. Ю. Касьяновой
225 1# - СЕРИЯ
Основное заглавие серии Правовой практикум
320 ## - ПРИМЕЧАНИЯ О НАЛИЧИИ В ДОКУМЕНТЕ БИБЛИОГРАФИИ / УКАЗАТЕЛЯ
Текст примечания Библиогр. в подстроч. примеч. и в тексте
604 ## - ИМЯ И ЗАГЛАВИЕ КАК ПРЕДМЕТ
Связываемые данные 71001$aРоссийская Федерация
-- 500##$aГражданский процессуальный кодекс$2nlr_sh2$3RU\NLR\AUTH\661262192
Имя лица Российская Федерация
Заглавие Гражданский процессуальный кодекс
Системный номер авторитетной/нормативной записи 2086065
Идентификатор авторитетной/нормативной записи RU\NLR\AUTH\661262192
686 1# - ИНДЕКСЫ ДРУГИХ КЛАССИФИКАЦИЙ
Индекс Х629.2-324.9(2Р)
702 #1 - ИМЯ ЛИЦА - ВТОРИЧНАЯ ОТВЕТСТВЕННОСТЬ
Код отношения Составитель
Графика поля Кириллица
Материалы, к которым относится поле rus
Начальный элемент ввода Касьянова
Часть имени, кроме начального элемента ввода Г. Ю.
Расширение инициалов личного имени Галина Юрьевна
Системный номер авторитетной/нормативной записи 1040
Идентификатор авторитетной/нормативной записи RU\NLR\AUTH\7717956
712 02 - НАИМЕНОВАНИЕ ОРГАНИЗАЦИИ - ВТОРИЧНАЯ ОТВЕТСТВЕННОСТЬ
Код отношения Прочие
Начальный элемент ввода Ассоциация бухгалтеров, аудиторов и консультантов
Идентифицирующий признак Москва
Системный номер авторитетной/нормативной записи 649310
Идентификатор авторитетной/нормативной записи RU\NLR\AUTH\8810073648
741 #1 - УСЛОВНОЕ НАИМЕНОВАНИЕ / ЗАГЛАВИЕ ДЛЯ ЗАКОНОДАТЕЛЬНЫХ И РЕЛИГИОЗНЫХ ТЕКСТОВ - АЛЬТЕРНАТИВНАЯ ОТВЕТСТВЕННОСТЬ
Начальный элемент ввода Российская Федерация
Название раздела или части Гражданский процессуальный кодекс
Обозначение вида документа Законы
-- 425338
Идентификатор авторитетной/нормативной записи RU\NLR\AUTH\880379477
942 ## - ДОПОЛНИТЕЛЬНЫЕ ЭЛЕМЕНТЫ ЗАПИСИ (АБИС)
Тип экземпляра АБИС Книга
980 ## - КОЛЛЕКЦИЯ
Название коллекции Национальная библиография

Нет доступных экземпляров.